000 01618nam a2200265Ia 4500
999 _c41679
_d41679
001 8353
003 GE_BSU
005 20240501161547.0
008 181216s2013||||ge |||||||||||||| ||geo||
020 _a9789941214172
040 _cGE_BSU
041 _ageo
080 _a94(479.22) ს–18
245 _aსამშობლოს სიყვარულისთვის :
_bშრომების კრებული /
_cშემდგ. კახაბერ კენკიშვილი ; პროექტ. რედ. თამარ მამაცაშვილი.
264 _aთბილისი :
_bპალიტრა L,
_c2013.
300 _a216 გვ. ;
_c20 სმ.
490 _aსაქართველოს იმედი : ყველა წმინდანი, რომელთა შესახებაც უნდა იცოდე, 2298-0547 / პროექტის რედაქტორი თამარ მამაცაშვილი
_v წ. 33
500 _aიბეჭდება სრ. საქ. კათოლიკოს-პატრიარქის ილია II-ის ლოცვა-კურთხევით
504 _aბიბლიოგრ. : გვ. 210-211
653 _aსამშობლოს სიყვარულისთვის
653 _aქართველი წმინდანები
653 _aფერეიდნელი ქართველები
700 _aმამაცაშვილი, თამარ
_eრედაქტორი
_922024
942 _cBK
_2udc